Kitab a'mal al-a'lam. (Record no. 187049)
[ view plain ]
| 000 -LEADER | |
|---|---|
| campo de control de longitud fija | 01098nam a2200277 i 4500 |
| 001 - NÚMERO DE CONTROL | |
| campo de control | 187049 |
| 003 - IDENTIFICADOR DE NÚMERO DE CONTROL | |
| campo de control | SpMaBN |
| 005 - FECHA Y HORA DE LA ÚLTIMA TRANSACCIÓN | |
| campo de control | 20250907063137.0 |
| 008 - DATOS DE LONGITUD FIJA--INFORMACIÓN GENERAL | |
| campo de control de longitud fija | 170406s1983 sp |||| |dspa d |
| 020 ## - NÚMERO INTERNACIONAL ESTÁNDAR DEL LIBRO | |
| Número Internacional Estándar del Libro | 84-7472-049-4 |
| 080 ## - NÚMERO DE LA CLASIFICACIÓN DECIMAL UNIVERSAL | |
| Número de la Clasificación Decimal Universal | 961"0647/1517"(093) |
| 100 1# - ENTRADA PRINCIPAL--NOMBRE DE PERSONA | |
| Nombre de persona | Ibn al-Hatib, Muhammad ibn 'Abd Allâh, |
| Fechas asociadas al nombre | 1313-1375 |
| 9 (RLIN) | 162300 |
| 245 10 - MENCIÓN DEL TÍTULO | |
| Título | Kitab a'mal al-a'lam. |
| Número de parte o sección de la obra | Parte 3ª, |
| Nombre de parte o sección de la obra | Historia medieval islámica del Norte de África y Sicilia / |
| Mención de responsabilidad, etc. | Ibn al-Jatib ; traducción, notas e índices, por Rafaela Castrillo. |
| 246 30 - FORMA VARIANTE DEL TITULO | |
| Título propio/Titulo breve | Historia medieval islámica del Norte de África y Sicilia |
| 260 ## - PUBLICACIÓN, DISTRIBUCIÓN, ETC. | |
| Lugar de publicación, distribución, etc. | Madrid : |
| Nombre del editor, distribuidor, etc. | Instituto Hispano-Árabe de Cultura, |
| Fecha de publicación, distribución, etc. | 1983. |
| 300 ## - DESCRIPCIÓN FÍSICA | |
| Extensión | 1 v. (XXVII, 198 p.) ; |
| Dimensiones | 24 cm. |
| 500 ## - NOTA GENERAL | |
| Nota general | Índices. |
| 504 ## - NOTA DE BIBLIOGRAFÍA, ETC. | |
| Nota de bibliografía, etc. | Bibliografía: p. 193-198. |
| 505 8# - NOTA DE CONTENIDO CON FORMATO | |
| Nota de contenido con formato | Contiene: Pte. 3ª |
| 651 #7 - PUNTO DE ACCESO ADICIONAL DE MATERIA--NOMBRE GEOGRÁFICO | |
| Nombre geográfico | Magreb- |
| Subdivisión general | Historia- |
| Subdivisión cronológica | 647-1517. |
| 9 (RLIN) | 155943 |
| 651 #4 - PUNTO DE ACCESO ADICIONAL DE MATERIA--NOMBRE GEOGRÁFICO | |
| Nombre geográfico | Sicilia- |
| Subdivisión general | Historia- |
| Subdivisión cronológica | 827-1072. |
| 9 (RLIN) | 162301 |
| 700 1# - ENTRADA AGREGADA--NOMBRE PERSONAL | |
| Nombre de persona | Castrillo Márquez, Rafaela. |
| 9 (RLIN) | 36818 |
| 710 2# - ENTRADA AGREGADA--NOMBRE DE ENTIDAD CORPORATIVA | |
| Nombre de entidad corporativa o nombre de jurisdicción como elemento de entrada | Instituto Hispano-Árabe de Cultura. |
| 9 (RLIN) | 162165 |
| 852 ## - LOCALIZACIÓN | |
| Ubicación | ES-MaACL |
| Número de control de estantería | L-31370 |
| Estatus retirado | Estado de pérdida | Estado de daño | No para préstamo | Biblioteca de origen | Biblioteca actual | Ubicación en estantería | Fecha de adquisición | Fuente de adquisición | Total de préstamos | Signatura topográfica completa | Código de barras | Visto por última vez | Precio de reemplazo | Tipo de ítem Koha |
|---|---|---|---|---|---|---|---|---|---|---|---|---|---|---|
| Biblioteca del Ateneo de Madrid | Biblioteca del Ateneo de Madrid | Depósito 2 | 06/04/2017 | L-31370 | 1197336 | 23/02/2023 | 23/02/2023 | Libro impreso |
